Sports Quiz

Random Sports or NFL Quiz
Score 0/32 Timer 04:00
0 Plays Today
Team Player Name % Correct
New York GiantsEli Manning
98.3%
Indianapolis ColtsPeyton Manning
98.3%
Atlanta FalconsMatt Ryan
97.5%
New England PatriotsTom Brady
97.4%
Dallas CowboysTony Romo
96.3%
Baltimore RavensJoe Flacco
96.3%
Green Bay PackersAaron Rodgers
96.3%
New Orlean SaintsDrew Brees
96.2%
Cincinati BengalsCarson Palmer
94.7%
Chicago BearsJay Cutler
94.1%
San Diego ChargersPhillip Rivers
94.1%
Philadelphia EaglesDonovan McNabb
93.2%
Arizona CardinalsKurt Warner
92.6%
Detroit LionsMatthew Stafford
91.6%
Minnesota VikingsBrett Favre
91.1%
Pittsburgh SteelersBen Roethlisberger
91%
Team Player Name % Correct
Houston TexansMatt Schaub
89.4%
Seattle SeahawksMatt Hasselbeck
89.2%
New York JetsMark Sanchez
89.2%
Carolina PanthersJake Delhomme
86.2%
Denver BroncosKyle Orton
85.7%
Jackonsville JaguarsDavid Garrard
82.8%
Kansas City ChiefsMatt Cassel
80.7%
St. Louis RamsMarc Bulger
77.7%
Miami DolphinsChad Pennington
75.7%
Tennessee TitansKerry Collins
75.7%
Oakland RaidersJaMarcus Russell
74.9%
Washington RedskinsJason Campbell
74.5%
Buffalo BillsTrent Edwards
64%
Cleveland BrownsBrady Quinn
61.3%
San Franscisco 49ersShaun Hill
45.2%
Tampa Bay BuccaneersByron Leftwich
23.4%
Remove Ads.
Support Sporcle.
Get the best of Sporcle when you Go Orange. This ad-free experience offers more features, more stats, and more fun while also helping to support Sporcle. Thank you for becoming a member.

You're not logged in!

Compare scores with friends on all Sporcle quizzes.
OR
Log In

Show Comments

Extras

Top Quizzes Today


Score Distribution

Your Account Isn't Verified!

In order to create a playlist on Sporcle, you need to verify the email address you used during registration. Go to your Sporcle Settings to finish the process.

Report this User

Report this user for behavior that violates our Community Guidelines.

Details: